LEADER 00615nab a2200145 i 4500 001 000000315335 003 CaOOAMICUS 005 20180831173148.0 008 180831n xx uu u0 0und r 013 $a24422 040 $aSeMil$bita 100 1 $aBrovelli, Franco,$d<1941- >.$0(OLS)http://semarc/name/15532 245 10$aTeologia e Liturgia. Tavola rotonda alla Facoltà teologica Interregionale di Milano, 12-13 aprile 1972. 773 0 $t[Gennaio-Dicembre].$g331-335$w()274275 996 $6245$aTeologia e Liturgia. Tavola rotonda alla Facoltà teologica Interregionale di Milano, 12-13 aprile 1972$9(OLS)http://semarc/title/389390 LEADER 00506nas a2200169 i 4500 001 000000193815 003 CaOOAMICUS 005 20101125000000.0 008 101125b1889 it uu u0 0ita r 013 $a172459 040 $aSeMil$bita 245 10$a[1889 :$b1]. 774 0 $t[Gennaio-Giugno].$w()273964 850 $aSeMil 852 $aSeMil$W1$xVenegono$y1$m111 2 4$j144389$B144389$CSeMilBibl$Z2$F156883 $82 961 $aRecupero: Scuola Cattolica 996 $6245$a[1889 :$b1]$9(OLS)http://semarc/title/279427